Loading...

Life of Vivekananda And the universal gospel /

Bibliographic Details
Main Author: Rolland, Romain
Language:Undetermined
Published: Kolkota : Advaita AshRAMA , 2002.
LEADER 00536nam a2200157Ia 4500
001 136329
008 170722s9999 xx 000 0 und d
020 |a 8185301018 
100 |a Rolland, Romain 
245 |a Life of Vivekananda  |b And the universal gospel / 
260 |a Kolkota :  |b Advaita AshRAMA ,  |c 2002. 
300 |a p.vi+328 
923 |d 20031011  |n 7945-7948 
942 |c GEN 
999 |c 127142  |d 127142 
952 |0 0  |1 0  |4 0  |6 ΔWM_63_000000000000000_P2  |7 0  |9 179851  |a LIB  |b LIB  |d 2013-03-25  |e D C Books  |o ΔwM63 P2  |p 250498  |r 2017-08-12  |v 60.00  |w 2017-08-12  |y GEN